000 00671nam a2200241 u 4500
999 _c67146
_d67146
001 67146
003 Mx-PuUPA
005 20230207104043.0
008 170406s2008 mx r 000 0 spa d
020 _a978-968-23-1752-1
040 _cMx-PuUPA
082 _a320.1
_bART
100 1 _aArteaga Nava, Elisur,
_eautor
_96776
245 1 3 _aLa constitución mexicana comentada por Maquiavelo.
250 _aPrimera edición
264 1 _aMéxico :
_bSiglo veintiuno
300 _a223 páginas ;
_c23 cm.
336 _atexto
_2rdacontent
337 _asin mediación
_2rdamedia
338 _avolumen
_2rdacarrier
490 0 _aSociología y política
942 _2ddc
_cLI